Länder der Welt ohne I im Namen - Statistiken

Allgemein
  • Dieses Quiz wurde 550 mal gespielt
    532 seit der letzten Aktualisierung
  • Das Durchschnittsergebnis liegt bei 54 aus 73
Antwortstatistiken
Hint Antwort % Korrekt
Deutschland
98%
D Dänemark
93%
O Oman
91%
Estland
90%
J Japan
90%
Jemen
90%
Portugal
90%
Russland
90%
Norwegen
89%
Kanada
87%
Schweden
87%
Andorra
85%
H Honduras
85%
Polen
85%
Z Zypern
85%
Lettland
84%
Luxemburg
84%
Ghana
82%
Uruguay
82%
Peru
79%
T Togo
78%
Venezuela
78%
L Laos
77%
Marokko
77%
Nordkorea
77%
Bhutan
76%
Paraguay
76%
Südkorea
76%
Angola
75%
Kasachstan
75%
Neuseeland
75%
Malta
74%
R Ruanda
74%
U Uganda
74%
Ungarn
74%
A Ägypten
73%
E Ecuador
73%
P Palau
73%
Belarus
72%
Sudan
72%
Südsudan
72%
K Kambodscha
71%
Kosovo
71%
Monaco
71%
Guatemala
70%
Katar
69%
B Bahamas
68%
Bangladesch
68%
G Gabun
68%
Guyana
68%
Senegal
68%
V Vanuatu
68%
Kuba
67%
Lesotho
67%
Montenegro
67%
Nepal
67%
Panama
67%
Kamerun
65%
Tonga
65%
El Salvador
64%
Tschad
64%
N Nauru
63%
Tuvalu
63%
Botswana
62%
M Madagaskar
62%
Barbados
60%
Samoa
60%
Grenada
59%
Kap Verde
59%
Myanmar
57%
Komoren
56%
Seychellen
56%
S Salomonen
52%
Keine übereinstimmenden Quizze gefunden
Verteilung der Resultate
Anzahl Personen mit jedem Resultat
Perzentil nach korrekt beantworteten Fragen
Ihre Resultats-Entwicklung
Sie haben dieses Quiz seit der letzten Aktualisierung nicht gespielt